| 000 | 01715nam a22003017a 4500 | ||
|---|---|---|---|
| 003 | DO-SdBNP | ||
| 005 | 20220315102052.0 | ||
| 007 | ta | ||
| 008 | 210702e2010 dr ac||ery||| 001 u spa d | ||
| 020 | _a9789945470000 | ||
| 040 |
_aDO-SdBNPH _bspa _cBPMSU |
||
| 082 | 4 |
_a324.6097293 _bR426m, 2009-2010 _222 |
|
| 110 | 2 |
_a República Dominicana. _bJunta Central Electoral. |
|
| 245 | 1 | 2 |
_aMemorias de la Escuela Nacional de Formación Electoral y del Estado Civil (EFEC) 2009-2010 / _ccompilado por Lissette Pamela Santana ; prólogo, Aura Celeste Fernández Rodríguez |
| 246 | 1 | 3 | _aMemorias 2009-2010 |
| 260 |
_aSanto Domingo : _bJunta Central Electoral, _c2010 |
||
| 300 |
_a448 p. : _bil., fots.; _c25 cm |
||
| 505 | 0 |
_aPrólogo. _gCapítulo I: _tLa EFEC : institución, estrategias y políticas de formación.-- _gCapítulo II: _tProgramas implementados.-- _gCapítulo III: _tConvenios.-- _gCapítulo IV: _tBiblioteca.-- _gCapítulo V: _tActividades académicas de extensión.-- _gCapítulo VI: _tPublicaciones.-- _gCapítulo VII: _tReporte financiero.-- _gCapítulo VIII: _tLogros, planes futuros y proyecciones.-- _gCapítulo IX: _tDiscursos.-- _gCapítulo X: _tNormativa.-- _gCapítulo XI: _tAgenda institucional. |
|
| 590 | _aInventariado 2022/VM | ||
| 610 | 1 | 4 |
_aEscuela Nacional de Formación Electoral y del Estado Civil (República Dominicana) _v2009-2010 _vInforme |
| 651 | 4 |
_aRepública Dominicana _xPolítica y gobierno _y2009-2010 |
|
| 700 | 1 |
_aSantana , Lissette Pamela , _ecompiladora |
|
| 700 | 1 |
_aFernández Rodríguez, Aura Celeste, _d1958- _eprólogo |
|
| 700 | 2 |
_aPaulino, Nurys _eedición |
|
| 710 | 2 | _aJunta Central Electoral (República Dominicana) | |
| 910 | _a VMateo V. | ||
| 942 |
_2ddc _cBK |
||
| 999 |
_c14078 _d14078 |
||